[Event "Titled Tue 2nd Jul Early"]
[Site "chess.com INT"]
[Date "2024.07.02"]
[Round "7"]
[White "Visakh, N R"]
[Black "Niemann, Hans Moke"]
[Result "1-0"]
[WhiteElo "2517"]
[BlackElo "2703"]
[PlyCount "119"]
[EventDate "2024.07.02"]

1. e3 d5 2. Nf3 Nf6 3. b3 Bf5 4. Bb2 h6 5. d4 e6 6. Bd3 Bd6 7. O-O Nbd7 8. c4 c6 9. Nc3 ({RR} 9. Qc2 Ne4 10. Nbd2 Ndf6 11. Ne5 O-O 12. f3 Nxd2 13. Qxd2 Bxd3 14. Qxd3 Nd7 15. Nxd7 Qxd7 16. cxd5 exd5 17. e4 dxe4 18. fxe4 Rad8 19. Rad1 Qg4 20. Qf3 Qxf3 21. gxf3 Bf4 22. Rd3 f5 23. e5 Bxe5 {Keusch,P-Harish,N (2123) Biel SUI 2024 0-1 (51)}) 9... Ne4 10. Qc2 Ndf6 11. Ne5 $146 ({RR} 11. h3 Nxc3 12. Bxc3 Ne4 13. Bb2 O-O 14. Nd2 Qh4 15. f4 Qg3 16. Rf3 Qg6 17. Bxe4 dxe4 18. Rf2 Qg3 19. Re1 h5 20. Nf1 Qh4 21. g4 Bh7 22. Ree2 f6 23. Rg2 e5 24. dxe5 fxe5 25. gxh5 Qxh3 {Quiroga Jaquez,A (2178)-Oberoi,S (2131) Charlotte 2020 1-0 (56)}) 11... O-O 12. f3 Nxc3 13. Bxc3 Bxd3 14. Qxd3 Bxe5 15. dxe5 Nd7 16. cxd5 exd5 17. e4 Re8 18. Rad1 Qb6+ 19. Bd4 c5 20. Ba1 d4 21. f4 Rac8 22. Kh1 a5 23. Qc4 Qc6 24. a4 Qxe4 25. Qb5 Qc6 26. Qxa5 f6 27. b4 b6 28. Qa6 fxe5 29. fxe5 Nxe5 30. Rde1 Kh8 31. a5 bxa5 32. Qxc6 Nxc6 33. bxc5 Rxe1 34. Rxe1 a4 35. Kg1 a3 36. Rd1 Rb8 37. Kf2 Rb5 38. Bxd4 a2 39. Ba1 Rb1 40. Ke2 Kg8 41. Kd2 Kf7 42. Kc2 Nb4+ 43. Kd2 g6 44. Rc1 Nc6 45. Kc2 Nb4+ 46. Kd2 Ke6 47. c6 Nc2 48. Kxc2 Rxc1+ 49. Kxc1 Kd6 50. Kb2 Kxc6 51. Kxa2 Kd5 52. Bg7 h5 53. Bf6 Ke4 54. Bg5 Kf5 55. h4 Kg4 56. Kb3 Kg3 57. Kc4 Kxg2 58. Kd5 Kf3 59. Ke5 Kg4 60. Kf6 1-0

[Event "Titled Tue 2nd Jul Early"]
[Site "chess.com INT"]
[Date "2024.07.02"]
[Round "11"]
[White "Nakamura, Hi"]
[Black "Keymer, Vincent"]
[Result "1-0"]
[WhiteElo "2802"]
[BlackElo "2721"]
[PlyCount "159"]
[EventDate "2024.07.02"]

1. b3 d5 2. Bb2 Bg4 3. g3 c6 4. Bg2 Nf6 5. Nf3 Nbd7 6. d3 e6 7. h3 Bh5 ({RR} 7... Bxf3 8. Bxf3 Bd6 9. Nd2 a5 10. a3 Qb6 11. Rb1 Be5 12. c3 h5 13. e3 g5 14. Bg2 g4 15. d4 Bd6 16. c4 Qc7 17. e4 dxe4 18. hxg4 e3 19. fxe3 Bxg3+ 20. Ke2 Nxg4 21. Ne4 O-O-O 22. d5 {Nakamura,H (2750)-Gareyev,T (2565) Chess.com INT 2022 1-0 (47)}) 8. g4 Bg6 9. Nh4 a5 $146 ({RR} 9... Bb4+ 10. Nd2 e5 11. a3 Bd6 12. e3 Qe7 13. Qf3 e4 14. Qe2 Be5 15. Bxe5 Qxe5 16. d4 Qe7 17. c4 a6 18. O-O O-O 19. Nxg6 fxg6 20. f4 exf3 21. Rxf3 g5 22. b4 a5 23. b5 cxb5 24. cxd5 {Moussard,J (2521)-Pavlidis,A (2602) Orsay 2018 ½-½ (41)}) ({RR} 9... Be7 10. Nd2 a5 11. a3 a4 12. b4 c5 13. bxc5 Bxc5 14. e3 Qc7 15. Nxg6 fxg6 16. d4 Bd6 17. c4 O-O 18. cxd5 Nxd5 19. O-O b5 20. Rc1 Qa5 21. Ne4 Be7 22. g5 Rac8 23. Qg4 Qb6 24. h4 {Harsha,B (2547)-Melian,J (2069) Chess.com INT 2022 1-0 (44)}) 10. a3 a4 11. b4 c5 12. bxc5 Bxc5 13. e3 O-O 14. Nd2 Ra6 15. Nxg6 hxg6 16. c4 Rb6 17. Bxf6 Nxf6 18. d4 Be7 19. Qxa4 Rb2 20. Qd1 Qa5 21. Qc1 Rb3 22. O-O Rxa3 23. Rxa3 Bxa3 24. Qc2 Bb4 25. Nb3 Qc7 26. Rc1 Rc8 27. Qb1 dxc4 28. Na1 Ba3 29. Rc2 Nd5 30. Qb5 Qc6 31. Qxc6 Rxc6 32. Ra2 Bf8 33. Ra8 b5 34. Nc2 c3 35. e4 Nf4 36. Bf1 b4 37. Rb8 Rc7 38. Kh2 f6 39. Kg3 g5 40. h4 Kf7 41. hxg5 fxg5 42. Kf3 Be7 43. Rb6 Ra7 44. Bc4 Rc7 45. Bb3 Rc8 46. d5 exd5 47. exd5 Bc5 48. d6+ Kf8 49. d7 Rd8 50. Rb5 Bd6 51. Rb7 Ke7 52. Ba4 Ne6 53. Nxb4 Bxb4 54. Rxb4 Nc5 55. Bc2 Nxd7 56. Rb5 Rc8 57. Ke3 Kf6 58. Rf5+ Ke6 59. Rxg5 Kf7 60. Rf5+ Ke7 61. f3 Rc7 62. Rb5 Nf6 63. g5 Nd7 64. f4 Nc5 65. f5 Kd6 66. Kd4 Nd7 67. Ra5 Nc5 68. Ra8 Nd7 69. Ra6+ Ke7 70. Re6+ Kf8 71. Rd6 Ke7 72. Ra6 Nb8 73. Rb6 Nc6+ 74. Kd5 Nb8 75. Rxb8 Rd7+ 76. Ke5 Rd2 77. f6+ gxf6+ 78. gxf6+ Kf7 79. Bb3+ Kg6 80. f7 1-0

[Event "2nd Kasimdzhanov Cup 2024"]
[Site "Tashkent UZB"]
[Date "2024.07.09"]
[Round "9.3"]
[White "Rapport, R."]
[Black "Vokhidov, Shamsiddin"]
[Result "1-0"]
[WhiteElo "2715"]
[BlackElo "2643"]
[PlyCount "73"]
[EventDate "2024.07.08"]

1. e4 c5 2. Nf3 e6 3. d3 Nc6 4. g3 d5 5. Nbd2 Bd6 6. Bg2 Nge7 7. O-O O-O 8. a4 ({RR} 8. Qe2 a5 9. a4 b6 10. h4 f6 11. Re1 Ra7 12. c3 Bb8 13. d4 cxd4 14. Nxd4 Nxd4 15. cxd4 Nc6 16. exd5 exd5 17. Nf1 Kh8 18. Rd1 Nb4 19. Ra3 Bd7 20. Qf3 Bd6 21. Bf4 Qb8 22. Bxd6 Qxd6 {Dzhumaev,M (2495)-Kotronias,V (2597) Mumbai 2003 ½-½}) 8... Bc7 ({RR} 8... f6 9. Re1 Qc7 10. c3 Bd7 11. Qb3 Kh8 12. Nf1 c4 13. dxc4 Na5 14. Qd1 dxc4 15. e5 fxe5 16. Ng5 h6 17. Qh5 Be8 18. Qh3 Rf6 19. Ne4 Rg6 20. Be3 Nd5 21. Rad1 Bc6 22. Nxd6 Qxd6 23. Be4 {Garcia Almaguer,J (2127)-Wieczorek,O (2491) chess.com INT 2024 0-1 (39)}) 9. Re1 h6 $146 ({RR} 9... b6 10. b3 d4 11. Nh4 e5 12. Nf1 Be6 13. Nf5 Qd7 14. Nxe7+ Nxe7 15. f4 Bg4 16. Qd2 f6 17. f5 Bh5 18. g4 Bf7 19. h4 Kh8 20. Ng3 a6 21. Kh2 b5 22. g5 c4 23. bxc4 bxc4 24. Rg1 {Larsen,K (2265)-Lorenzo de la Riva,L (2426) Barbera del Valles 2014 0-1 (47)}) 10. b3 a6 11. Bb2 b6 12. d4 Bb7 13. exd5 exd5 14. Nf1 Nf5 15. Ne3 Nxe3 16. Rxe3 Qd7 17. Qd3 Rfe8 18. dxc5 bxc5 19. Qc3 d4 20. Rxe8+ Rxe8 21. Qxc5 Bd6 22. Qd5 Qc7 23. Qc4 Qd7 24. Rd1 Ne5 25. Nxe5 Bxe5 26. Bxb7 Qxb7 27. Bxd4 Rd8 28. Rd3 Bxd4 29. Rxd4 Re8 30. Qd5 Qc7 31. c4 a5 32. c5 Kh7 33. c6 Re6 34. Rc4 Re7 35. h4 g6 36. h5 g5 37. Re4 1-0

[Event "CrunchLabs Masters PlayIn"]
[Site "chess.com INT"]
[Date "2024.07.17"]
[Round "3"]
[White "Prohaszka, P2."]
[Black "Svane, R."]
[Result "1-0"]
[WhiteElo "2569"]
[BlackElo "2633"]
[PlyCount "93"]
[EventDate "2024.07.17"]

1. b3 d5 2. Bb2 Nf6 3. Nf3 Bf5 4. g3 e6 5. Bg2 h6 6. O-O Be7 7. d3 O-O 8. Nbd2 a5 9. a3 Bh7 10. Re1 ({RR} 10. c4 Nc6 11. cxd5 exd5 12. Rc1 Re8 13. Re1 Bf8 14. Rc2 Nb8 15. Qc1 c5 16. Rxc5 Bxc5 17. Qxc5 Nbd7 18. Qb5 Re6 19. Bh3 Rb6 20. Qa4 Nc5 21. Qd4 Nxb3 22. Nxb3 Rxb3 23. Nd2 Rb5 24. Nf1 Qb6 {Carlsen,M (2832)-Niemann,H (2733) Paris FRA 2024 1-0 (36)}) 10... c5 ({RR} 10... Na6 11. e4 Re8 12. Ne5 c6 13. exd5 cxd5 14. Ndf3 Qb6 15. Bh3 Bc5 16. Re2 Nb8 17. Qd2 Nbd7 18. Qf4 Bd6 19. g4 Qd8 20. g5 hxg5 21. Qxg5 Nxe5 22. Nxe5 Bf8 23. Qf4 Qe7 24. Kh1 Nd7 25. Rg1 {Cheparinov,I (2646)-Kistrup,N (2356) Eforie Nord ROU 2025 1-0 (39)}) 11. Ne5 Nfd7 12. e4 $146 ({RR} 12. Nxd7 Nxd7 13. e4 Bf6 14. Bxf6 Nxf6 15. a4 Qc7 16. Qe2 Rad8 17. Rad1 Rfe8 18. f4 b6 19. Rf1 Nd7 20. Rde1 Qc8 21. Qf2 Nf6 22. e5 Nd7 23. g4 Qc7 24. Re3 Nb8 25. Rh3 Nc6 26. Nf3 c4 {Novikov,S (2520)-Malykin,V (2386) Riga 2004 1-0 (51)}) 12... Nxe5 13. Bxe5 Nc6 14. Bb2 dxe4 15. Nxe4 a4 16. Nd2 axb3 17. Bxc6 bxc6 18. Nxb3 c4 19. Qg4 Bg6 20. Qxc4 Qd5 21. Qg4 c5 22. Nd2 Rfb8 23. Bc3 Bg5 24. Nc4 Bf5 25. Qe2 Qc6 26. h4 Be7 27. Kh2 Bf8 28. Reb1 f6 29. Rxb8 Rxb8 30. a4 e5 31. a5 Ra8 32. Rb1 Qe6 33. Rb6 Qd7 34. Qf3 Ra7 35. Rb8 Bg4 36. Qe4 Bf5 37. Qf3 Qe6 38. Ne3 Bg6 39. Qd5 Qxd5 40. Nxd5 e4 41. Nf4 Bf5 42. dxe4 Bxe4 43. Ne6 Kf7 44. Nxf8 Bxc2 45. g4 g6 46. h5 g5 47. Ng6 1-0

[Event "TCh-TUR Super League 2024"]
[Site "Ankara TUR"]
[Date "2024.07.21"]
[Round "9.37"]
[White "Mamedov, Rau"]
[Black "Karthik, V4."]
[Result "1-0"]
[WhiteElo "2652"]
[BlackElo "2581"]
[PlyCount "86"]
[EventDate "2024.07.14"]
[WhiteTeam "APAYDIN SATRANC SPOR KULUBU"]
[BlackTeam "TAS DUVAR SPOR KULUBU"]

1. g3 c5 2. Bg2 g6 3. Nf3 Bg7 4. O-O d5 5. d3 Nc6 6. Nbd2 Nf6 7. e4 O-O 8. exd5 Nxd5 9. Re1 b6 10. Nc4 Bb7 11. c3 Qc7 ({RR} 11... h6 12. Nfe5 Nxe5 13. Nxe5 Qc7 14. Qe2 Rad8 15. a4 e6 16. a5 b5 17. a6 Ba8 18. h4 b4 19. Bd2 h5 20. c4 Ne7 21. Bxa8 Rxa8 22. Bf4 Qd8 23. Qe4 Nf5 24. Qb7 Nd4 25. Re4 Bxe5 26. Rxe5 {Mamedyarov,S (2765)-Ding,L (2799) Chess.com INT 2021 1-0 (36)}) 12. a4 Rad8 13. Qb3 Ba6 14. h4 $146 ({RR} 14. Ng5 e6 15. a5 Nxa5 16. Nxa5 bxa5 17. Be4 Nf6 18. Qa3 Bxd3 19. Bxd3 Rxd3 20. Qxa5 Qc6 21. Qa4 Qd5 22. Bf4 Nh5 23. Bc1 h6 24. Nh3 g5 25. Qe4 Rd1 26. Qe2 Rxe1+ 27. Qxe1 Qf3 28. Qe3 Qf5 {Suleymanyants,O (2268)-Antipov,M (2584) Kolomna 2016 0-1 (61)}) 14... h6 15. Bd2 e6 16. Qa3 Qe7 17. Rad1 Rfe8 18. Bc1 Kh7 19. Qb3 Kg8 20. Nh2 Qc7 21. Nf3 Qe7 22. Nfe5 Nxe5 23. Nxe5 Qc7 24. d4 cxd4 25. cxd4 Bb7 26. Bd2 Rc8 27. Rc1 Qd6 28. a5 Ba8 29. a6 h5 30. Rc4 Rxc4 31. Nxc4 Qc7 32. Ne5 Rc8 33. Rc1 Qd8 34. Rc4 Rc7 35. Qc2 Rxc4 36. Qxc4 Bf6 37. Qc2 Qc7 38. Qxc7 Nxc7 39. Bb7 Be7 40. Nc6 Bd6 41. Nxa7 Bxb7 42. axb7 Na6 43. Nc6 Kg7 1-0

[Event "Titled Tue 30th Jul Early"]
[Site "chess.com INT"]
[Date "2024.07.30"]
[Round "8"]
[White "Naroditsky, D."]
[Black "Erigaisi, Arjun"]
[Result "1-0"]
[WhiteElo "2619"]
[BlackElo "2778"]
[PlyCount "75"]
[EventDate "2024.07.30"]

1. e4 {ChessBase II} c6 2. d3 d5 3. Nd2 g6 4. Ngf3 Bg7 5. g3 Nf6 6. Bg2 O-O 7. O-O a5 8. a4 ({RR} 8. Re1 a4 9. a3 Na6 10. e5 Ne8 11. d4 c5 12. c3 cxd4 13. cxd4 Nb8 14. Nb1 Nc6 15. Nc3 Qa5 16. Be3 Nc7 17. Qd2 Bg4 18. h3 Bxf3 19. Bxf3 e6 20. Rac1 Nb5 21. h4 Nxc3 22. bxc3 Ne7) 8... Na6 ({RR} 8... Bg4 9. e5 Nfd7 10. d4 c5 11. h3 Bxf3 12. Nxf3 cxd4 13. e6 fxe6 14. Nxd4 Nc5 15. Re1 Ra6 16. c3 Nbd7 17. Be3 Kh8 18. Nb5 Qc8 19. Rc1 Rd8 20. b4 Ne4 21. c4 axb4 22. cxd5 Nc3 23. Nxc3 {Grischuk,A (2780)-Wang,Y (2705) Beijing 2013 1-0 (77)}) 9. Re1 ({RR} 9. Qe2 b6 10. e5 Ng4 11. h3 Nh6 12. Nd4 Nf5 13. N2f3 Nxd4 14. Nxd4 Bd7 15. f4 Qc8 16. g4 f5 17. gxf5 Bxf5 18. Nxf5 Qxf5 19. Be3 Rab8 20. Qf2 g5 21. Qg3 Nc7 22. Qxg5 Qxg5 23. fxg5 Bxe5) ({RR} 9. e5 Nd7 10. Re1 Ndc5 11. d4 Ne6 12. c3 c5 13. Nb3 c4 14. Nbd2 Bd7 15. Nf1 b5 16. Ne3 Nac7 17. axb5 Bxb5 18. h4 h5 19. Ng5 Nxg5 20. hxg5 Qd7 21. f4 Ra6 22. Bf3 a4 23. Kg2 Rb8 {Srihari,L (2495)-Erigaisi,A (2761) chess.com INT 2024 0-1 (55)}) 9... dxe4 10. dxe4 ({RR} 10. Nxe4 Nxe4 11. Rxe4 Bf5 12. Re1 Nb4 13. Ne5 Qc7 14. Nc4 Rfe8 15. Bf4 e5 16. Be3 Nd5 17. Bc5 Rad8 18. Qe2 b5 19. Ne3 Be6 20. c3 f5 21. Nc2 f4 22. d4 Bf5 23. g4 Bc8 24. axb5 cxb5) 10... Nb4 11. h3 $146 ({RR} 11. Bf1 Be6 12. e5 Ne8 13. c3 Nd3 14. Re3 Nxc1 15. Qxc1 Nc7 16. Nd4 Bd7 17. f4 Ne6 18. N2f3 Qb6 19. Qc2 Nc7 20. Qb3 Qa7 21. c4 Na6 22. Qc3 Nc5 23. Kg2 Rad8 24. b3 Qb6 25. Be2 Bc8 {Buyukgokcesu,S-Huebner,R Teeside 1974 EXT 1999 [ChessBase II] 0-1 (36)}) 11... h6 12. c3 Nd3 13. Re3 Nxc1 14. Rxc1 Qb6 15. Qc2 Rd8 16. Bf1 Nd7 17. e5 Nc5 18. Nd4 Ne6 19. N2f3 c5 20. Nb5 Bd7 21. Bc4 Nf8 22. Nd2 Bxh3 23. Bf1 Bf5 24. Nc4 Qc6 25. Qe2 Ra6 26. Rd1 Rxd1 27. Qxd1 h5 28. Bg2 Qc8 29. Qf3 Qd8 30. Qxb7 Bc8 31. Qd5 Qxd5 32. Bxd5 e6 33. Bg2 Nd7 34. Rd3 Kf8 35. Nbd6 Nxe5 36. Nxe5 Bxe5 37. Nxc8 Kg7 38. Bb7 1-0

[Event "Titled Tue 6th Aug Late"]
[Site "chess.com INT"]
[Date "2024.08.06"]
[Round "6"]
[White "Sokolovsky, Yahli"]
[Black "Bacrot, E."]
[Result "1-0"]
[WhiteElo "2522"]
[BlackElo "2677"]
[PlyCount "121"]
[EventDate "2024.08.06"]

1. b3 d5 2. Bb2 Bf5 3. e3 e6 4. Nf3 Nf6 5. Nh4 Bg4 6. f3 ({RR} 6. Be2 Bxe2 7. Qxe2 Be7 8. d3 c5 9. O-O Nc6 10. f4 O-O 11. Nd2 b5 12. Nhf3 a5 13. a4 bxa4 14. Rxa4 Nd7 15. c4 Nb6 16. Ra3 a4 17. bxa4 Rxa4 18. Rfa1 Rxa3 19. Rxa3 Bf6 20. Bxf6 Qxf6 {Nakamura,H (2750)-Matlakov,M (2674) Chess.com INT 2022 1-0 (63)}) ({RR} 6. Be2 Bxe2 7. Qxe2 c6 8. f4 Nbd7 9. O-O g6 10. c4 Bg7 11. cxd5 cxd5 12. Ba3 Bf8 13. Bxf8 Kxf8 14. Nc3 Kg7 15. Nf3 Rc8 16. Rac1 a6 17. Nd4 Qb6 18. Kh1 h5 19. Qf2 Nc5 20. Rcd1 Nce4 {Nihal,S (2687)-Yurovskykh,O (2328) chess.com INT 2025 1-0 (48)}) 6... Bh5 7. g3 c5 $146 ({RR} 7... Nbd7 8. Be2 c6 9. Nc3 Bd6 10. d4 Qc7 11. f4 Bg6 12. Nxg6 hxg6 13. Qd3 O-O-O 14. O-O-O Kb8 15. Kb1 a6 16. e4 dxe4 17. Nxe4 Nxe4 18. Qxe4 Nf6 19. Qf3 Qa5 20. Bc3 Bb4 21. Bxb4 Qxb4 22. c3 {Fonseca,L (1895)-Capeletti,C (1710) Porto Alegre 2013 0-1 (48)}) ({RR} 7... Be7 8. Ng2 Bg6 9. Nf4 Nbd7 10. d4 c5 11. h4 h6 12. Nxg6 fxg6 13. Bd3 Nf8 14. Kf2 Qc7 15. Nc3 a6 16. dxc5 Bxc5 17. Na4 Bd6 18. Rg1 Nh5 19. f4 Nf6 20. Rc1 b5 21. Nc3 g5 22. hxg5 {Sokolovsky,Y (2512)-Villa,M (1819) chess.com INT 2024 1-0 (40)}) 8. Be2 Nc6 9. O-O Be7 10. d3 Nd7 11. Ng2 Bf6 12. c3 Bg6 13. Nf4 Qb6 14. Nd2 a5 15. h4 a4 16. Rb1 axb3 17. axb3 c4 18. bxc4 Qxe3+ 19. Kg2 Ne7 20. Re1 O-O 21. Bf1 Qc5 22. h5 Bf5 23. g4 Bg5 24. Nh3 Bh6 25. Nb3 Qc7 26. Nd4 Ra2 27. gxf5 e5 28. Nb5 Qb8 29. Qb3 Nxf5 30. Qxa2 e4 31. Bc1 e3 32. f4 Nf6 33. Qe2 Re8 34. Nd4 Nh4+ 35. Kg3 Qd8 36. Ng5 Bxg5 37. fxg5 Qd6+ 38. Kxh4 Qf4+ 39. Kh3 Qxg5 40. Qf3 Nxh5 41. Bxe3 Qg6 42. Bg2 Re5 43. Bd2 Nf4+ 44. Bxf4 Rh5+ 45. Qxh5 Qxh5+ 46. Kg3 Qg6+ 47. Kf2 h6 48. Bxd5 Qh5 49. Re8+ Kh7 50. Be4+ g6 51. Rh1 Qg4 52. Rxh6+ Kg7 53. Be3 Qd1 54. Ne2 Qb3 55. Rhh8 Kf6 56. Rh7 b5 57. cxb5 Qxb5 58. Rf8 Ke6 59. Rfxf7 Qb2 60. Re7+ Kf6 61. Rhf7# 1-0

[Event "Titled Tue 6th Aug Late"]
[Site "chess.com INT"]
[Date "2024.08.06"]
[Round "11"]
[White "Adhiban, Baskaran"]
[Black "Sarana, A."]
[Result "1-0"]
[WhiteElo "2532"]
[BlackElo "2717"]
[PlyCount "99"]
[EventDate "2024.08.06"]

1. b3 d5 2. Bb2 c5 3. e3 Nc6 4. Nf3 a6 5. d4 Nf6 6. dxc5 e6 7. Nbd2 ({RR} 7. a3 Bxc5 8. b4 Ba7 9. Nbd2 O-O 10. c4 dxc4 11. Nxc4 b5 12. Nd6 Bd7 13. Bd3 Qe7 14. O-O Nd5 15. Ne4 Rfd8 16. Rc1 Be8 17. Qe2 h6 18. Rfd1 Rac8 19. h3 Bb6 20. Ng3 Nf6 21. Bb1 Rxd1+ {Carlsen,M (2852)-Vidit,S (2730) chess.com INT 2023 0-1 (58)}) ({RR} 7. a3 Bxc5 8. c4 O-O 9. Nbd2 Qe7 10. b4 Ba7 11. Bd3 Rd8 12. Qb1 h6 13. O-O e5 14. cxd5 Rxd5 15. Ne4 Bg4 16. Bc4 Rd7 17. Ng3 Rad8 18. Nh4 Rd1 19. Qg6 Kf8 20. Raxd1 Bxd1 21. Ngf5 fxg6 {Kourkoulos Arditis,S (2580)-Diao,M (2192) chess.com INT 2025 1-0}) 7... Bxc5 8. a3 b5 $146 ({RR} 8... O-O 9. b4 Ba7 10. Be2 Re8 11. c4 e5 12. cxd5 Nxd5 13. Ne4 Bf5 14. Ng3 Bg4 15. h3 Be6 16. O-O Qe7 17. Rc1 Rad8 18. Qc2 f6 19. Kh1 Qf7 20. Qb1 Nde7 21. Ne4 Kh8 22. Nc5 Bf5 23. Qa1 {Santos Latasa,J (2680)-Fedoseev,V (2685) Toledo 2022 ½-½ (54)}) ({RR} 8... O-O 9. c4 dxc4 10. Bxc4 b5 11. Be2 Bb7 12. O-O Qe7 13. Qb1 Rfd8 14. Ng5 Rxd2 15. Bxf6 Qxf6 16. Qxh7+ Kf8 17. Ne4 Qb2 18. Nxc5 Rxe2 19. Nxb7 Ke7 20. Rad1 Ne5 21. Qe4 f6 22. Nc5 Ra7 23. Qh7 {Adhiban,B (2541)-Song,R (2503) Samarkand UZB 2023 1-0}) 9. Bd3 O-O 10. e4 h6 11. Qe2 Re8 12. e5 Nd7 13. b4 Bb6 14. O-O Bb7 15. Rae1 Rc8 16. Nb3 Ba7 17. Kh1 Qc7 18. Qd2 Nb6 19. Nc5 Nc4 20. Bxc4 dxc4 21. Ne4 Ne7 22. Nd6 Red8 23. Qf4 Ng6 24. Qg3 Rb8 25. h4 Bd5 26. h5 Nf8 27. Bc1 Kh8 28. Be3 Nh7 29. Bxa7 Qxa7 30. Qf4 Rf8 31. Kh2 Rbd8 32. Rd1 Kg8 33. Qg3 Qc7 34. Nd4 Kh8 35. f4 Rg8 36. f5 Ng5 37. c3 Qe7 38. Rde1 Rd7 39. Rf4 Qd8 40. Ref1 Kh7 41. fxe6 fxe6 42. Qe3 g6 43. Rf6 Rdg7 44. hxg6+ Rxg6 45. R1f4 R8g7 46. Ne2 Qe7 47. Ng3 Nf7 48. Nxf7 Rxg3 49. Rxh6+ Kg8 50. Rh8# 1-0

[Event "Titled Tue 13th Aug Early"]
[Site "chess.com INT"]
[Date "2024.08.13"]
[Round "8"]
[White "Erigaisi, Arjun"]
[Black "Rustemov, A."]
[Result "1-0"]
[WhiteElo "2778"]
[BlackElo "2525"]
[PlyCount "117"]
[EventDate "2024.08.13"]

1. b3 d5 2. Bb2 Bf5 3. Nf3 e6 4. e3 h6 5. c4 Nf6 6. Be2 ({RR} 6. d4 c6 7. Nc3 Bd6 8. Bd3 Bxd3 9. Qxd3 O-O 10. O-O Nbd7 11. Rad1 Qc7 12. Rfe1 e5 13. cxd5 e4 14. Nxe4 cxd5 15. Nxd6 Qxd6 16. Rc1 Rac8 17. Ne5 Ne4 18. f3 Ng5 19. Qb5 Nxe5 20. dxe5 Qg6 {Harsh,S (2414)-Esmeraldas Huachi,A (2100) chess.com INT 2025 1-0}) 6... Be7 7. Nc3 c6 8. h3 $146 ({RR} 8. O-O O-O 9. d4 Nbd7 10. a3 a6 11. b4 b5 12. cxd5 cxd5 13. Qb3 Ne4 14. Nxe4 Bxe4 15. a4 Qb6 16. Rfc1 bxa4 17. Qxa4 Qxb4 18. Qxd7 Qxb2 19. Bxa6 Rxa6 20. Rab1 Bxb1 21. Rf1 Bd3 22. Rd1 Ra1 {Stevik,P (2082)-Fiala,S Nitra 2021 0-1 (46)}) ({RR} 8. O-O O-O 9. d3 Bh7 10. Qc2 a5 11. Rad1 Na6 12. a3 Nc5 13. Na4 Nxa4 14. bxa4 Nd7 15. Rb1 Rb8 16. Rfd1 Re8 17. Ne5 Bf8 18. Bh5 Re7 19. c5 Ra8 20. Bd4 Nxe5 21. Bxe5 Rd7 22. f4 f6 {Vachier Lagrave,M (2793)-Aronian,L (2797) Caleta 2018 ½-½ (45)}) ({RR} 8. O-O O-O 9. d4 Nbd7 10. Bd3 Bxd3 11. Qxd3 Rc8 12. Rfd1 Qc7 13. Rac1 Qb8 14. g3 Rfd8 15. Kg2 dxc4 16. bxc4 e5 17. Ne4 exd4 18. exd4 Nxe4 19. Qxe4 Bf6 20. Ba3 Re8 21. Qf5 Nb6 22. h4 Rcd8 {Erigaisi,A (2738)-Sanal,V (2567) chess.com INT 2024 0-1 (62)}) 8... Nbd7 9. d3 Bh7 10. Qc2 a5 11. Rd1 Bd6 12. O-O Qe7 13. Rfe1 O-O 14. Bf1 Rfe8 15. e4 dxe4 16. Nxe4 Nxe4 17. dxe4 Bb4 18. Re3 Rad8 19. Ne1 Nf6 20. Nd3 Ba3 21. Bc3 b6 22. Qe2 Nd7 23. e5 Nc5 24. Nf4 Rxd1 25. Qxd1 Rd8 26. Qe2 Qd7 27. Kh2 Qd1 28. Rf3 Be4 29. Rg3 Bc1 30. Qxd1 Rxd1 31. Be2 Bxf4 32. Bxd1 Nd3 33. Kg1 Bxg3 34. fxg3 c5 35. a3 Kf8 36. Kf1 Ke7 37. Ke2 f6 38. Ke3 Bg6 39. exf6+ gxf6 40. g4 Ne5 41. Bxe5 fxe5 42. h4 Kf6 43. g3 Bh7 44. Kd2 Be4 45. Be2 Bg6 46. Bd3 e4 47. Be2 Ke5 48. Ke3 Bh7 49. Bd1 Bg6 50. Bc2 Bh7 51. h5 Kf6 52. Bxe4 Bg8 53. Kf3 e5 54. Bd5 Bh7 55. Be4 Bg8 56. a4 Be6 57. Bd5 Bd7 58. Bg8 Bc6+ 59. Ke3 1-0

[Event "Titled Tue 27th Aug Early"]
[Site "chess.com INT"]
[Date "2024.08.27"]
[Round "7"]
[White "Gurel, Ediz"]
[Black "Zhigalko, S."]
[Result "1-0"]
[WhiteElo "2602"]
[BlackElo "2572"]
[PlyCount "123"]
[EventDate "2024.08.27"]

1. b3 e5 2. Bb2 d6 3. Nf3 Nf6 4. e3 Be7 5. c4 O-O 6. Nc3 c6 7. d4 e4 8. Nd2 d5 9. Be2 Be6 ({RR} 9... a6 10. c5 Be6 11. b4 Qd7 12. a4 Ng4 13. Bxg4 Bxg4 14. Qb3 Be6 15. b5 axb5 16. axb5 Rxa1+ 17. Bxa1 f5 18. Ne2 cxb5 19. Nc3 Nc6 20. Qxb5 f4 21. Ne2 f3 22. gxf3 exf3 23. Nf4 Bf7 24. Rg1 {Osmak,Y (2459)-Solovjov,A (2237) chess.com INT 2024 1-0 (35)}) 10. Rc1 Nbd7 $146 ({RR} 10... a6 11. O-O Ne8 12. c5 f5 13. a4 Nd7 14. b4 f4 15. Bg4 Bxg4 16. Qxg4 Bg5 17. Rfe1 fxe3 18. fxe3 Qe7 19. Nb3 Qf6 20. Qxd7 Bxe3+ 21. Kh1 Bxc1 22. Ne2 Bxb2 23. Qxb7 Rd8 24. Qb6 Rd7 25. Rb1 {Veiga Ramil,J (1751)-Ruiz Escobar,R (1873) Pamplona 2018 0-1 (31)}) 11. O-O Re8 12. f3 exf3 13. Bxf3 Bb4 14. e4 Bxc3 15. Rxc3 dxe4 16. Nxe4 Nxe4 17. Bxe4 Qh4 18. Bf3 Bf5 19. Qd2 Nf6 20. Rcc1 Be4 21. d5 cxd5 22. Bxf6 gxf6 23. cxd5 Rad8 24. Bxe4 Rxe4 25. Rcd1 Qg5 26. Qd3 Re3 27. Qc4 Qe5 28. h3 Re4 29. Qd3 Re3 30. Qc4 Re4 31. Qb5 Rd4 32. Qxb7 Qxd5 33. Rxd4 Qxd4+ 34. Kh1 Kg7 35. Qf3 Rd5 36. b4 a5 37. bxa5 Rxa5 38. a3 Rg5 39. Qb3 Qe5 40. a4 Rg3 41. Qc2 Rc3 42. Qf2 Ra3 43. Qh4 Ra1 44. Rxa1 Qxa1+ 45. Kh2 Kf8 46. Qh6+ Ke7 47. Qf4 h5 48. Qc7+ Kf8 49. a5 Kg7 50. Qg3+ Kf8 51. Qb8+ Kg7 52. Qg3+ Kf8 53. Qc7 h4 54. Qd6+ Kg7 55. Qd2 Qa4 56. Kg1 Qa1+ 57. Kf2 Qe5 58. Qb4 Qg3+ 59. Kf1 Kg6 60. Qg4+ Kh6 61. Qxg3 hxg3 62. a6 1-0

[Event "Abu Dhabi Masters Online"]
[Site "chess.com INT"]
[Date "2024.08.21"]
[Round "10"]
[White "Sanal, V."]
[Black "Kamsky, G."]
[Result "1-0"]
[WhiteElo "2570"]
[BlackElo "2609"]
[PlyCount "77"]
[EventDate "2024.08.21"]

1. e4 c5 2. Nf3 e6 3. d3 Nc6 4. g3 g6 5. Bg2 Bg7 6. O-O Nge7 7. c3 e5 8. a3 O-O 9. b4 d6 10. Be3 b6 11. b5 ({RR} 11. Nbd2 Be6 12. Rc1 h6 13. Nh4 d5 14. f4 dxe4 15. dxe4 Qd3 16. Re1 exf4 17. gxf4 cxb4 18. axb4 Rad8 19. Qf3 Qd7 20. Kh1 Bg4 21. Qg3 Bh5 22. e5 Nd5 23. Bg1 Qg4 24. Rf1 Nce7 25. Ne4 Qxg3 {Sanal,V (2597)-Vallejo Pons,F (2716) Sant Boi ESP 2022 ½-½ (80)}) 11... Nb8 ({RR} 11... Na5 12. c4 h6 13. Nc3 Be6 14. Nh4 Qd7 15. Rb1 Nb7 16. Qd2 Kh7 17. f4 exf4 18. gxf4 f5 19. Kh1 fxe4 20. Bxe4 Bxc3 21. Qxc3 d5 22. cxd5 Bxd5 23. Rg1 Bxe4+ 24. dxe4 Qe6 25. e5 Qh3 26. Qe1 {Borowy,C (1993)-Mirski,S (2174) Warsaw POL 2024 0-1 (33)}) 12. c4 $146 ({RR} 12. d4 a6 13. dxe5 dxe5 14. c4 Be6 15. Qc2 Qe8 16. Ng5 Bd7 17. Nc3 h6 18. Nf3 axb5 19. cxb5 Bxb5 20. Rfb1 Bc6 21. Rxb6 Nd7 22. Rbb1 Ra7 23. Nd2 Qa8 24. Nc4 Nf5 25. Nb5 Nd4 26. Bxd4 Bxb5 {Glek,I (2528)-Aldokhin,I (2342) Moscow 2009 1-0 (32)}) 12... a6 13. Nc3 axb5 14. cxb5 h6 15. Nd2 f5 16. exf5 d5 17. Qb3 Bb7 18. fxg6 Ra7 19. f4 c4 20. dxc4 d4 21. c5+ Kh8 22. c6 dxe3 23. Nc4 exf4 24. Rad1 Qe8 25. cxb7 Qxg6 26. Rxf4 Rxf4 27. gxf4 Rxb7 28. Rd8+ Kh7 29. Rd6 Qg4 30. Qc2+ Kh8 31. Rd8+ Ng8 32. Nxe3 Qxf4 33. Ncd5 Qg5 34. Qc8 Bd4 35. Rxg8+ Qxg8 36. Qxb7 Qe8 37. Kh1 Nd7 38. Qc6 Bxe3 39. Qc3+ 1-0

[Event "Titled Tue 3rd Sep Early"]
[Site "chess.com INT"]
[Date "2024.09.03"]
[Round "7"]
[White "Svane, Frederik"]
[Black "Bacrot, E."]
[Result "1-0"]
[WhiteElo "2640"]
[BlackElo "2665"]
[PlyCount "83"]
[EventDate "2024.09.03"]

1. b3 d5 2. Bb2 Nf6 3. Nf3 Bf5 4. d3 h6 5. Nbd2 e6 6. g3 c5 7. Bg2 Nc6 8. O-O Be7 9. e4 Bh7 10. Ne5 Nxe5 11. Bxe5 O-O 12. Qe2 d4 $146 ({RR} 12... Nd7 13. Bb2 d4 14. f4 e5 15. a4 Qc7 16. Nc4 Bf6 17. Bh3 Rad8 18. Rf2 Nb6 19. Nxe5 Bxe5 20. fxe5 Qxe5 21. Raf1 Bg6 22. Ba3 Nd7 23. Bc1 Qe7 24. Bf5 Ne5 25. Bxg6 Nxg6 26. Qh5 Qe5 27. Rf5 {Martin Duque,J (2416)-Cardena Contreras,J (1878) La Roda 2021 1-0 (63)}) 13. Bxf6 Bxf6 14. e5 Bg5 15. f4 Be7 16. Bxb7 Rb8 17. Be4 Qa5 18. Nc4 Qc3 19. Bxh7+ Kxh7 20. Rae1 g6 21. Kg2 Rg8 22. Qd2 Qxd2+ 23. Nxd2 Kg7 24. Kf3 h5 25. Nc4 Rh8 26. Ke4 Kf8 27. Rb1 Ke8 28. b4 cxb4 29. Kxd4 Kd7 30. Ke4 Kc6 31. Rb3 Rb5 32. Rfb1 a6 33. d4 Rd8 34. Ne3 Ra5 35. R1b2 Ra4 36. c4 bxc3 37. Rxc3+ Kd7 38. Rc4 Ra3 39. d5 exd5+ 40. Nxd5 Ke8 41. Rb7 f5+ 42. exf6 1-0